Practical electronics projects and trouble shooting 3rd ed. (Record no. 6568)

MARC details
000 -LEADER
fixed length control field 00613nam a22001937a 4500
003 - CONTROL NUMBER IDENTIFIER
control field OSt
005 - DATE AND TIME OF LATEST TRANSACTION
control field 20251128140920.0
008 - FIXED-LENGTH DATA ELEMENTS--GENERAL INFORMATION
fixed length control field 251128b |||||||| |||| 00| 0 eng d
020 ## - INTERNATIONAL STANDARD BOOK NUMBER
International Standard Book Number 971-08-6089-5
040 ## - CATALOGING SOURCE
Original cataloging agency DWCL-Main lib
Transcribing agency OC
082 ## - DEWEY DECIMAL CLASSIFICATION NUMBER
Edition number 3rd ed.
Classification number Fil. 621.381 F162p 2000
100 ## - MAIN ENTRY--PERSONAL NAME
Personal name Faina, Juanito S.
245 ## - TITLE STATEMENT
Title Practical electronics projects and trouble shooting 3rd ed.
Statement of responsibility, etc. Faina, Juanito S.
260 ## - PUBLICATION, DISTRIBUTION, ETC.
Place of publication, distribution, etc. Mandaluyong City :
Name of publisher, distributor, etc. National Book store,
Date of publication, distribution, etc. c2000.
300 ## - PHYSICAL DESCRIPTION
Extent xviii, 151 pages ;
Dimensions 25 cm.
504 ## - BIBLIOGRAPHY, ETC. NOTE
Bibliography, etc. note Includes index
650 ## - SUBJECT ADDED ENTRY--TOPICAL TERM
Source of heading or term 1. Electronics.
942 ## - ADDED ENTRY ELEMENTS (KOHA)
Source of classification or shelving scheme Dewey Decimal Classification
Koha item type Book-Filipiniana
Edition 3rd ed.
Call number prefix Fil.
Suppress in OPAC No
952 ## - LOCATION AND ITEM INFORMATION (KOHA)
--
952 ## - LOCATION AND ITEM INFORMATION (KOHA)
--
952 ## - LOCATION AND ITEM INFORMATION (KOHA)
--
Holdings
Withdrawn status Lost status Source of classification or shelving scheme Damaged status Not for loan Home library Current library Shelving location Date acquired Source of acquisition Cost, normal purchase price Total Checkouts Full call number Barcode Date last seen Copy number Price effective from Koha item type Uniform Resource Identifier
    Dewey Decimal Classification     College Library College Library Filipiniana 06/18/2008 School Fund 185.00   Fil. 621.381 F162p 2000 45806 11/28/2025 c1 11/28/2025 BK - FIL
    Dewey Decimal Classification     College Library College Library Filipiniana 11/30/2004 School Fund 165.00   Fil. 621.381 F162p 2000 41449 11/28/2025 c2 11/28/2025 BK - FIL
    Dewey Decimal Classification     College Library College Library Filipiniana 11/30/2004 School Fund 165.00   Fil. 621.381 F162p 2000 41448 11/28/2025 c3 11/28/2025 BK - FIL